ARLA Members Survey Report (Record no. 107192)

MARC details
000 -LEADER
fixed length control field 01468cad a2200241 4500
001 - CONTROL NUMBER
control field ##L131289
008 - FIXED-LENGTH DATA ELEMENTS--GENERAL INFORMATION
fixed length control field 051017s2007 f s 000 0 eng u
035 ## - SYSTEM CONTROL NUMBER
System control number (Sirsi) u138522
041 0# - LANGUAGE CODE
Language code of text/sound track or separate title eng
050 04 - LIBRARY OF CONGRESS CALL NUMBER
Classification number 346.4104342 $2 18
110 ## - MAIN ENTRY--CORPORATE NAME
Corporate name or jurisdiction name as entry element Association of Residential Letting Agents
9 (RLIN) 3020
245 00 - TITLE STATEMENT
Title ARLA Members Survey Report
Remainder of title Second Quarter 2005
Medium [electronic resource]
260 3# - PUBLICATION, DISTRIBUTION, ETC.
Place of publication, distribution, etc. Amersham
Name of publisher, distributor, etc. ARLA
Date of publication, distribution, etc. 2007
490 #0 - SERIES STATEMENT
Series statement ARLA Members Survey Report
520 ## - SUMMARY, ETC.
Summary, etc. Finds that demand for rental properties has far outstripped demand. This highlights the need for investment in the private rented sector. Rents rose for all types of property for the fourth consecutive month. 7 out of 10 prime London agencies report there are more tenants than properties. Average rented house values were £885 000 in Prime Central London and £229 000 away from the South East. Asset values of flats dropped 1.3% across the country. Despite rising rent levels, returned dropped slightly. This is attributed to rising house prices. Tenants continue to remain in properties for over a year on average.
590 ## - LOCAL NOTE (RLIN)
Local note KA
651 #4 - SUBJECT ADDED ENTRY--GEOGRAPHIC NAME
Geographic name United Kingdom
Chronological subdivision
690 ## - LOCAL SUBJECT ADDED ENTRY--TOPICAL TERM (OCLC, RLIN)
Topical term or geographic name as entry element PROPERTY-RESIDENTIAL PROPERTY-RESIDENTIAL PROPERTY TENURE-LEASEHOLD RESIDENTIAL PROPERTY
700 1# - ADDED ENTRY--PERSONAL NAME
Personal name Carey Jones, O. M.
710 ## - ADDED ENTRY--CORPORATE NAME
Corporate name or jurisdiction name as entry element ARLA Panel of Mortgage Lenders
9 (RLIN) 4776
856 40 - ELECTRONIC LOCATION AND ACCESS
Uniform Resource Identifier <a href="https://www.arla.co.uk/btl/btlsurvey0305.htm">https://www.arla.co.uk/btl/btlsurvey0305.htm</a>
Public note View the survey report free of charge at www.arla.co.uk...
942 ## - ADDED ENTRY ELEMENTS (KOHA)
Suppress in OPAC 0
Holdings
Withdrawn status Lost status Source of classification or shelving scheme Damaged status Not for loan Home library Current library Shelving location Date acquired Total Checkouts Full call number Barcode Date last seen Copy number Price effective from Koha item type
    Dewey Decimal Classification     Virtual Virtual Online 18/06/2007   ONLINE PUBLICATION 138522-1001 06/08/2019 1 06/08/2019 Book